Лирика: перевод с фарси

Библиографические подробности
Главный автор: Худжанди К. Камол
Примечания:Авт. и загл. указаны на корешке
Переводчики указаны в содержании.
Язык:русский
Опубликовано: Москва, Художественная литература, 1976
Предметы:
Формат: Книга
Запись в KOHA:https://koha.lib.tpu.ru/cgi-bin/koha/opac-detail.pl?biblionumber=374226

MARC

LEADER 00000nam0a2200000 4500
001 374226
005 20231101051040.0
010 |b 10000 экз. 
035 |a (RuTPU)RU\TPU\retro\31660 
035 |a RU\TPU\book\273531 
090 |a 374226 
100 |a 20221219d1976 m y0rusy50 ca 
101 1 |a rus  |c per 
102 |a RU 
105 |a y z 001gy 
200 1 |a Лирика  |e перевод с фарси  |f К. Худжанди 
210 |a Москва  |c Художественная литература  |d 1976 
215 |a 126 с.  |d 15,5 см. 
300 |a Авт. и загл. указаны на корешке 
300 |a Переводчики указаны в содержании. 
320 |a Примечания: с. 117-119. 
610 1 |a персидская литература 
610 1 |a 14 век 
610 1 |a поэтические произведения 
610 1 |a миниатюрные издания 
675 |a 89  |v 3 
686 |a Ч611.68  |2 rubbk 
700 1 |a Худжанди  |b К.  |g Камол 
801 1 |a RU  |b 63413507  |c 20140130 
801 2 |a RU  |b 63413507  |c 20221219  |g RCR 
942 |c BK